| 000 | 00560nam a22001811i 4500 | ||
|---|---|---|---|
| 001 | 248 | ||
| 090 | _a248 | ||
| 100 | _a20170304u u u0frey50 ba | ||
| 101 | 0 | _apor | |
| 200 | 1 |
_fAlexander Mitscherlich _aA Ideia de Paz e a Agressividade Humana |
|
| 215 |
_a143[1]p _d21cm |
||
| 700 | 1 |
_aMitscherlich _bAlexander _4070 |
|
| 702 | 1 |
_aRosa _bJorge _4730 _92134 |
|
| 210 |
_cDom Quixote _aLisboa _d1971 |
||
| 225 | 2 |
_aVector _v7 |
|
| 410 | 0 | _tVector | |
| 996 |
_f0000281 _kMIT _m00000000 _n00000000 _aBMVA _b1 _vViana do Alentejo _xPolĂtica Estrangeira _y32 _eLivro _10 _31 |
||
| 990 | _cLIVROS | ||